Exploring science : An activity package 3

Bibliographic Details
Main Author: Chin,Lydia
Format: Book
Published: Petaling Jaya : Pintar Firus Sdn.Bhd , [200?]
Subjects:

MARC

LEADER 00000cam a2200000 7i4500
001 0000007707
005 20070906.0
008 070906
020 |a 9832673496 
090 0 0 |a SC   |b ENG (8624) 
100 0 |a Chin,Lydia 
245 1 0 |a Exploring science :   |b An activity package 3   |c Lydia Chin 
260 |a Petaling Jaya :   |b Pintar Firus Sdn.Bhd ,   |c [200?] 
300 |a 1 CD-Rom 
650 0 |a Science   |x Study and teaching 
650 0 |a Teacher's Guide 
999 |a 0000991011   |b Book   |c REFERENCE   |e Perbadanan Perpustakaan Awam Johor 
999 |a 0000991012   |b Book   |c REFERENCE   |e Perbadanan Perpustakaan Awam Johor 
999 |a 0000991013   |b Book   |c REFERENCE   |e Perbadanan Perpustakaan Awam Johor 
999 |a CD00991011   |b CD-ROM   |c REFERENCE   |e Perbadanan Perpustakaan Awam Johor 
999 |a CD00991012   |b CD-ROM   |c REFERENCE   |e Perbadanan Perpustakaan Awam Johor 
999 |a CD00991013   |b CD-ROM   |c REFERENCE   |e Perbadanan Perpustakaan Awam Johor